Alternative enterprises for agriculture in the UK

Đã lưu trong:
Sonraí Bibleagrafaíochta
Formáid: Leabhar
Teanga:Undetermined
Foilsithe: Centre for agricultural strategy University of reading 1986
Ábhair:
Clibeanna: Cuir Clib Leis
Gan Chlibeanna, Bí ar an gcéad duine leis an taifead seo a chlibeáil!
Thư viện lưu trữ: Trung tâm Học liệu Trường Đại học Cần Thơ
LEADER 00520nam a2200169Ia 4500
001 CTU_125775
008 210402s9999 xx 000 0 und d
082 |a 636 
082 |b A466 
245 0 |a Alternative enterprises for agriculture in the UK 
245 0 |c Edited by S. P. Carruthers 
260 |b Centre for agricultural strategy University of reading 
260 |c 1986 
650 |a Alternative enterprises 
650 |x Agriculture 
904 |i Hiếu 
980 |a Trung tâm Học liệu Trường Đại học Cần Thơ